Basic pharmacology : Understanding drug actions and reactions
The book provides an in-depth discussion of how to apply the chemical and molecular pharmacology concepts. This textbook introduces the principles of chemistry and biology necessary to understand drug interactions at the cellular level. The authors highlight chemical and physical properties of drugs...
Gardado en:
| Autor Principal: | |
|---|---|
| Formato: | Libro |
| Idioma: | Undetermined |
| Publicado: |
Boca Raton :
CRC, Taylor & Francis
2006
|
| Những chủ đề: | |
| Các nhãn: |
Engadir etiqueta
Sen Etiquetas, Sexa o primeiro en etiquetar este rexistro!
|
| Thư viện lưu trữ: | Trung tâm Học liệu Trường Đại học Cần Thơ |
|---|
| LEADER | 01034nam a2200217Ia 4500 | ||
|---|---|---|---|
| 001 | CTU_132700 | ||
| 008 | 210402s9999 xx 000 0 und d | ||
| 020 | |c 1320000 | ||
| 082 | |a 615.1 | ||
| 082 | |b H557 | ||
| 100 | |a Hernandez, Maria A. | ||
| 245 | 0 | |a Basic pharmacology : | |
| 245 | 0 | |b Understanding drug actions and reactions | |
| 245 | 0 | |c Maria A. Hernandez, Appu Rathinavelu | |
| 260 | |a Boca Raton : | ||
| 260 | |b CRC, Taylor & Francis | ||
| 260 | |c 2006 | ||
| 520 | |a The book provides an in-depth discussion of how to apply the chemical and molecular pharmacology concepts. This textbook introduces the principles of chemistry and biology necessary to understand drug interactions at the cellular level. The authors highlight chemical and physical properties of drugs, drug absorption and distribution, drug interactions with cellular receptors, and drug metabolism and elimination. | ||
| 650 | |a Pharmacology,Dược lý học | ||
| 904 | |i Huỳnh Mai | ||
| 980 | |a Trung tâm Học liệu Trường Đại học Cần Thơ | ||